| 000 | 00705nam a2200265 a 4500 | ||
|---|---|---|---|
| 001 | 35457 | ||
| 003 | AR-BaAGN | ||
| 005 | 20231116145345.0 | ||
| 007 | ta | ||
| 008 | 220625s1972 ag |||||r|||| ||||||spa d | ||
| 040 |
_dAR-BaAGN _aAR-BaAGN _bspa _eaacr |
||
| 100 | 1 | _aSerrano, Mario Arturo | |
| 245 | 1 | 0 | _aCómo fue la revolución de los orilleros porteños |
| 250 | _a1ª ed. | ||
| 260 |
_aBuenos Aires : _bPlus Ultra, _c1972. |
||
| 300 |
_a317 páginas : _bilustraciones |
||
| 336 |
_2rdacontent _btxt |
||
| 337 |
_2rdamedia _bn |
||
| 338 |
_2rdacarrier _bnc |
||
| 490 | 0 |
_aEsquemas históricos ; _v10 |
|
| 651 | 4 |
_aBuenos Aires _94086 |
|
| 942 | _cLIBRO | ||
| 999 |
_c35457 _d35457 |
||